Statistics for Memorable MLB Commentator Moments

Click here to take the quiz!

General Stats

  • This quiz has been taken 9 times
  • The average score is 2 of 6

Answer Stats

HintAnswer% Correct
"____ hits in the air to center. We will see you tomorrow night."David Freese
Joe Buck
57%
"____ hits it high, hits it deep. IT IS OUTTA HERE!"Barry Bonds
Duane Kuiper
43%
"The impossible has happened"Kirk Gibson
Vin Scully
43%
"GONE! Big fly _____-san"Shohei Ohtani
Victor Rojas
43%
"Here comes the hook..."Kerry Wood
Chip Carey
29%
"Towards the corner. It's back! It's gone. Welcome to Slam Diego!"Eric Hosmer
Don Orsillo
14%

Score Distribution

Percentile by Number Answered

Percent of People with Each Score

Your Score History

You have not taken this quiz